| 000 | 00845nam a22002657a 4500 | ||
|---|---|---|---|
| 999 |
_c1043 _d1043 |
||
| 001 | 13166 | ||
| 003 | BD-DhUAP | ||
| 005 | 20200202121437.0 | ||
| 008 | 200202s2009 bg ||||| |||| 00| 0 eng d | ||
| 020 | _a9843000027544 | ||
| 040 |
_aBD-DhUAP _bEng _cBD-DhUAP _dBD-DhUAP |
||
| 082 |
_223 _a346.016095492 AHA |
||
| 100 | _aAhamuduzzaman. | ||
| 245 |
_aMarriage and dissolution of marriage in Bangladesh : _bfrom legal and religious perspective / _cAhamuduzzaman, Syeda Shamsia Husain and Md. Badiuzzaman. |
||
| 250 | _a1st ed. | ||
| 260 |
_aDhaka : _bBooks 4 U, _c2009. |
||
| 300 |
_a104 pages ; _c23 cm. |
||
| 650 |
_aMarriage _zBangladesh |
||
| 650 |
_aDivorce _zBangladesh |
||
| 650 | _aMarriage law. | ||
| 650 | _aWomen--Legal status, laws, etc. | ||
| 700 | _aHusain, Syeda Shamsia. | ||
| 700 | _aBadiuzzaman, Md. | ||
| 942 |
_2ddc _cBK |
||